书目信息 |
| 题名: |
婚俗简史
|
|
| 作者: | 潘晓梅 , 严育新 著 | |
| 分册: | ||
| 出版信息: | 北京 中国社会科学出版社 2004.5 |
|
| 页数: | 276页 | |
| 开本: | 22cm | |
| 丛书名: | 人类的生存与文明 | |
| 单 册: | ||
| 中图分类: | K891.22 | |
| 科图分类: | ||
| 主题词: | 婚姻--风俗习惯史--世界 , 婚姻 | |
| 电子资源: | ||
| ISBN: | 7-5004-4324-2 | |
| 000 | 00932nam2 2200277 45 | |
| 001 | 012004000000 | |
| 005 | 20041026110311.92 | |
| 010 | @a7-5004-4324-2@dCNY 38.00 | |
| 100 | @a20040913d2004 em y0chiy0121 ea | |
| 101 | 0 | @achi |
| 102 | @aCN@b110000 | |
| 105 | @af z 000yy | |
| 200 | 1 | @a婚俗简史@Ahun su jian shi@dA brief lntroduction to marriageable custom@f潘晓梅, 严育新著@zeng |
| 210 | @a北京@c中国社会科学出版社@d2004.5 | |
| 215 | @a276页@c插图@d22cm | |
| 225 | 2 | @a人类的生存与文明@dIt is human to subsist with civilization@zeng |
| 410 | 0 | @12001 @a人类的生存与文明 |
| 510 | 1 | @aA brief lntroduction to marriageable custom@zeng |
| 510 | 1 | @aIt is human to subsist with civilization@zeng |
| 606 | 0 | @a婚姻@x风俗习惯史@z世界 |
| 606 | 0 | @a婚姻 |
| 690 | @aK891.22@v4 | |
| 701 | 0 | @a潘晓梅@Apan xiao mei @4著 |
| 701 | 0 | @a严育新@Ayan yu xin@4著 |
| 801 | 0 | @aCN@bQSSKm@c20041026 |
| 905 | @a10447@dK891.22@eP254 | |
| 婚俗简史=A brief lntroduction to marriageable custom/潘晓梅, 严育新著.-北京:中国社会科学出版社,2004.5 |
| 276页:插图;22cm.-(人类的生存与文明=It is human to subsist with civilization) |
| ISBN 7-5004-4324-2:CNY 38.00 |
| ● |
| 相关链接 |
|
|
|
正题名:婚俗简史
索取号:K891.22/P254
 
预约/预借
| 序号 | 登录号 | 条形码 | 馆藏地/架位号 | 状态 | 备注 |
| 1 | 422926 | 204229263 | 社科库309/ [索取号:K891.22/P254] | 在馆 | |
| 2 | 422927 | 204229272 | 社科库309/309社科库 10排1列6层/ [索取号:K891.22/P254] | 在馆 | |
| 3 | 422928 | 204229281 | 社科库309/400A自科库 19排2列2层/ [索取号:K891.22/P254] | 在馆 |